000 00906nam a2200241 a 4500
001 000033031
003 DO-SdBNP
005 20240229073938.0
007 ta
008 110808s1947 dr 000 0 spa d
040 _aDO-SdBNP
_bspa
_cBNPHU
082 4 _a972.93053
_bH565a
_222
100 1 _aHerrera Bornia, Orestes
_914442
245 1 0 _aAnte la marcha del trabajo hacia la reelección del presidente Trujillo /
_cOreste Herrera Bornia.
260 _aCiudad Trujillo, República Dominicana :
_bLuis Sánchez Andujar,
_c1947.
300 _a79 p. ;
_c24 cm.
500 _a(Discursos pronunciados ante los microfonos de la H12A- La voz de la reeleción)
590 _aInventariado, 2019/VM
600 1 0 _aTrujillo Molina, Rafael Leónidas,
_d 1891-1961
_976764
651 4 _aRepública Dominicana
_xPolítica y gobierno
_y1930-1961
_9479
910 _aValidado. Control de calidad MFF
942 _2ddc
_cLBS1
999 _c32522
_d32522